[Event "Quebec op"]
[Site "Longueuil CAN"]
[Date "2018.07.22"]
[Round "3.8"]
[White "Saha, Ananda"]
[Black "Lopez Linares, Lizandro"]
[Result "1-0"]
[WhiteElo "1950"]
[BlackElo "2088"]
[PlyCount "85"]
[EventDate "2018.07.21"]
[EventType "swiss"]
[EventRounds "9"]
[EventCountry "CAN"]

1. Nf3 d5 2. g3 Nf6 3. Bg2 c6 4. O-O Bf5 5. d3 e6 6. b3 h6 7. Bb2 Be7 8. c4 O-O
9. Nbd2 a5 10. Re1 Bh7 11. Qc2 Nbd7 12. Rad1 Qb6 13. Bd4 Bc5 14. Bxc5 Qxc5 15.
e4 Rfd8 16. Qb2 Qa7 17. e5 Ne8 18. cxd5 cxd5 19. d4 Qb6 20. Rc1 Nc7 21. Bf1 Nb5
22. Re3 Na7 23. Nb1 Nc6 24. Nbd2 a4 25. a3 g5 26. g4 Kg7 27. b4 Bg6 28. Bd3
Bxd3 29. Rxd3 Nf8 30. Ne1 Ng6 31. Ng2 Na7 32. Rc5 Nb5 33. Qc1 Rh8 34. Nf3 Raf8
35. h4 gxh4 36. Ngxh4 Na7 37. Nxg6 fxg6 38. Rc7+ Rf7 39. Rxf7+ Kxf7 40. Qf4+
Ke8 41. Qf6 Rg8 42. Nh4 Nc8 43. Nxg6 1-0

[Event "Quebec op"]
[Site "Longueuil CAN"]
[Date "2018.07.22"]
[Round "3.10"]
[White "Ouellet, Maili-Jade"]
[Black "Bouton, Christophe"]
[Result "1-0"]
[WhiteElo "2197"]
[BlackElo "2016"]
[PlyCount "213"]
[EventDate "2018.07.21"]
[EventType "swiss"]
[EventRounds "9"]
[EventCountry "CAN"]

1. d4 d5 2. c4 Nc6 3. Nc3 dxc4 4. d5 Ne5 5. f4 Ng6 6. e4 e6 7. Bxc4 c6 8. Qe2
Nf6 9. d6 Bxd6 10. e5 Bb4 11. exf6 Qxf6 12. Bd2 Nxf4 13. Qf2 Nd5 14. Qxf6 gxf6
15. Nge2 Rg8 16. O-O Bc5+ 17. Kh1 f5 18. Rf3 Nb6 19. Bd3 Bd7 20. Bf4 O-O-O 21.
Be5 Be7 22. Rh3 c5 23. Bb5 f6 24. Rxh7 fxe5 25. Rxe7 Rg6 26. Bxd7+ Rxd7 27.
Re8+ Rd8 28. Rxd8+ Kxd8 29. Rd1+ Ke7 30. b3 Rg8 31. a4 Rc8 32. a5 Nd7 33. Nb5
Ra8 34. Nec3 b6 35. a6 e4 36. Rd6 Nf6 37. Kg1 Ne8 38. Rd1 Nf6 39. h3 Ne8 40.
Kf2 Nf6 41. Nc7 Rc8 42. N7b5 Ra8 43. Ke3 Nd7 44. Rd6 Rg8 45. Rd2 Nb8 46. Ra2
Nc6 47. Rd2 Nb4 48. Nxa7 Nxa6 49. Nc6+ Kf6 50. Kf4 Nb4 51. Ne5 Nd3+ 52. Nxd3
exd3 53. Ke3 b5 54. Kxd3 c4+ 55. Kc2 cxb3+ 56. Kxb3 Rg3 57. Re2 Rg8 58. Nxb5
Rc8 59. Nc3 Rd8 60. Kc2 Rd7 61. Rd2 Rg7 62. Kd1 Rg3 63. Rc2 Rd3+ 64. Ke2 Rd6
65. Kf2 Rb6 66. Ne2 Ra6 67. Rc8 Rb6 68. Rg8 Kf7 69. Rg5 Rb4 70. Kg3 Kf6 71. h4
Rb3+ 72. Kh2 Rb4 73. Kh3 Rb3+ 74. Rg3 Rb1 75. Rc3 Rb2 76. Nd4 Rd2 77. Nf3 Rd6
78. Ng5 Ra6 79. Re3 e5 80. Rb3 e4 81. Kg3 Ra1 82. Rb6+ Kg7 83. Re6 Rf1 84. Nxe4
fxe4 85. Rxe4 Ra1 86. Kf4 Rf1+ 87. Kg5 Rf7 88. g4 Ra7 89. Re5 Rb7 90. Ra5 Rc7
91. h5 Rc1 92. Ra7+ Kg8 93. h6 Rc2 94. Kg6 Rc6+ 95. Kh5 Rb6 96. g5 Rb5 97. Rg7+
Kh8 98. Rf7 Kg8 99. Re7 Ra5 100. Kg4 Rb5 101. g6 Rb4+ 102. Kf5 Rb5+ 103. Kf6
Rb6+ 104. Re6 Rb8 105. Rd6 Re8 106. Rd7 Ra8 107. Ke7 1-0

[Event "Quebec op"]
[Site "Longueuil CAN"]
[Date "2018.07.22"]
[Round "3.11"]
[White "Durette, Francis"]
[Black "Zhao, Jim"]
[Result "0-1"]
[WhiteElo "2035"]
[BlackElo "2169"]
[PlyCount "72"]
[EventDate "2018.07.21"]
[EventType "swiss"]
[EventRounds "9"]
[EventCountry "CAN"]

1. c4 c5 2. Nc3 Nc6 3. g3 g6 4. Bg2 Bg7 5. e4 e6 6. Nge2 Nge7 7. O-O O-O 8. d3
d6 9. Be3 Nd4 10. Rb1 Nec6 11. a3 a5 12. Bxd4 Nxd4 13. Nxd4 Bxd4 14. Nb5 Bg7
15. f4 Qe7 16. g4 Bd7 17. a4 Bxb5 18. axb5 a4 19. Qc1 Ra7 20. Ra1 Rfa8 21. Ra3
Bd4+ 22. Kh1 Qh4 23. h3 Kh8 24. Ra2 b6 25. Ra3 h6 26. Rf3 g5 27. fxg5 hxg5 28.
Bf1 Kg7 29. Kg2 Kg6 30. Be2 Qh8 31. Ra2 Qe5 32. Bd1 f6 33. Rf1 Rh7 34. Rf3 Rah8
35. Rxa4 Rh4 36. Rg3 Qxg3+ 0-1

[Event "Quebec op"]
[Site "Longueuil CAN"]
[Date "2018.07.22"]
[Round "3.12"]
[White "Zheng, Richard"]
[Black "Beaulieu, Eric"]
[Result "1/2-1/2"]
[WhiteElo "1986"]
[BlackElo "2129"]
[PlyCount "77"]
[EventDate "2018.07.21"]
[EventType "swiss"]
[EventRounds "9"]
[EventCountry "CAN"]

1. d4 Nf6 2. c4 e6 3. Nc3 Bb4 4. Qc2 O-O 5. Bg5 d5 6. e3 h6 7. Bh4 c5 8. cxd5
cxd4 9. exd4 exd5 10. Bd3 Nc6 11. Nge2 Be7 12. O-O Bg4 13. f3 Be6 14. Bf2 Nb4
15. Qd2 Nxd3 16. Qxd3 Qd7 17. Nf4 Bf5 18. Qd2 Rac8 19. Rfe1 Bb4 20. Rac1 g5 21.
Nd3 Bxd3 22. Qxd3 Bxc3 23. Rxc3 Rxc3 24. Qxc3 Rc8 25. Qd2 Nh5 26. Be3 Ng7 27.
Rc1 Ne6 28. h3 Kg7 29. f4 Rxc1+ 30. Qxc1 f6 31. f5 Nd8 32. g4 Nc6 33. Kf2 Qd6
34. Kg2 Qe7 35. Kf2 Nb4 36. Qc3 Nxa2 37. Qb3 Nb4 38. Bd2 Nc6 39. Qxd5 1/2-1/2

[Event "Quebec op"]
[Site "Longueuil CAN"]
[Date "2018.07.22"]
[Round "3.13"]
[White "Poulin, Maurice"]
[Black "Huang, Qiuyu"]
[Result "0-1"]
[WhiteElo "1970"]
[BlackElo "2108"]
[PlyCount "60"]
[EventDate "2018.07.21"]
[EventType "swiss"]
[EventRounds "9"]
[EventCountry "CAN"]

1. e4 c5 2. Nf3 Nc6 3. Bb5 g6 4. O-O Bg7 5. c3 e5 6. b4 cxb4 7. cxb4 Nge7 8.
Nc3 O-O 9. d3 d5 10. a3 a5 11. Rb1 axb4 12. axb4 Bg4 13. Bxc6 bxc6 14. h3 Bxf3
15. gxf3 f5 16. b5 d4 17. Ne2 Rb8 18. Ba3 cxb5 19. Qb3+ Kh8 20. Qe6 Re8 21.
Bxe7 Rxe7 22. Qa6 Qd7 23. exf5 gxf5 24. Rfc1 Re6 25. Qa5 Rg6+ 26. Kf1 Rgb6 27.
Ng3 e4 28. fxe4 fxe4 29. Nxe4 Qxh3+ 30. Ke1 Qxd3 0-1

[Event "Quebec op"]
[Site "Longueuil CAN"]
[Date "2018.07.22"]
[Round "3.14"]
[White "Luksza, Arkadiusz"]
[Black "Boulay, David"]
[Result "1/2-1/2"]
[WhiteElo "2106"]
[BlackElo "1971"]
[PlyCount "122"]
[EventDate "2018.07.21"]
[EventType "swiss"]
[EventRounds "9"]
[EventCountry "CAN"]

1. d4 d5 2. c4 c6 3. Nf3 Nf6 4. e3 e6 5. Nbd2 Nbd7 6. Bd3 dxc4 7. Nxc4 b5 8.
Nce5 Bb7 9. O-O a6 10. a3 c5 11. Qe2 Nxe5 12. dxe5 Nd7 13. Rd1 c4 14. Bc2 Qc7
15. Bd2 Be7 16. Bc3 O-O 17. Rd4 Rfc8 18. Rad1 Nf8 19. Bb4 Bxf3 20. Qxf3 Bxb4
21. axb4 Qxe5 22. h4 Qc7 23. h5 h6 24. Rg4 Kh8 25. Rdd4 f5 26. Rg3 Ra7 27. Qd1
Qe7 28. Rd6 Rd7 29. Rxd7 Qxd7 30. Qxd7 Nxd7 31. e4 f4 32. Rf3 e5 33. Ra3 Rc6
34. Bd1 Nf6 35. Bf3 Kg8 36. Kf1 Kf7 37. Ra1 Rd6 38. Ke2 Nd7 39. g3 fxg3 40.
fxg3 Nf8 41. Bg4 Ne6 42. Bxe6+ Kxe6 43. Rf1 Rd3 44. Ra1 Rb3 45. Rxa6+ Kf7 46.
Rc6 Rxb2+ 47. Kf3 Rxb4 48. Rc7+ Kf6 49. Kg4 c3 50. Rc6+ Ke7 51. Rxc3 Rxe4+ 52.
Kf5 Rc4 53. Re3 e4 54. Kg6 Rc6+ 55. Kxg7 Re6 56. g4 Kd6 57. g5 hxg5 58. h6 Kd5
59. Rg3 Kd4 60. Rxg5 Rxh6 61. Kxh6 e3 1/2-1/2

[Event "Quebec op"]
[Site "Longueuil CAN"]
[Date "2018.07.22"]
[Round "3.15"]
[White "Trottier, Alain"]
[Black "Soudre, Nicolas"]
[Result "0-1"]
[WhiteElo "1966"]
[BlackElo "2080"]
[PlyCount "104"]
[EventDate "2018.07.21"]
[EventType "swiss"]
[EventRounds "9"]
[EventCountry "CAN"]

1. b4 b6 2. Bb2 Bb7 3. e3 Nf6 4. Nf3 e6 5. b5 Be7 6. Be2 O-O 7. O-O c5 8. c4 d5
9. d3 Nbd7 10. Nbd2 Ne8 11. a4 a6 12. bxa6 Bxa6 13. Qb3 Bf6 14. Rfc1 Nd6 15. d4
Qc7 16. Bf1 Bb7 17. Ne5 Ne4 18. Nxe4 Bxe5 19. Ng3 Bd6 20. cxd5 exd5 21. dxc5
bxc5 22. Bb5 c4 23. Qd1 Nc5 24. Qg4 Be5 25. Bxe5 Qxe5 26. Rd1 f5 27. Qf4 Qxf4
28. exf4 Nd3 29. Ne2 Rf7 30. g3 Re7 31. Nd4 g6 32. Kf1 Re4 33. Nc6 Rc8 34. Ne5
Nxe5 35. fxe5 Rxe5 36. Re1 Rxe1+ 37. Kxe1 Kf7 38. Kd2 d4 39. a5 Be4 40. a6 c3+
41. Ke2 Rb8 42. Bc4+ Ke7 43. a7 Rb2+ 44. Ke1 c2 45. Rc1 Rb4 46. Rxc2 Ra4 47.
Ra2 Rxc4 48. a8=Q Bxa8 49. Rxa8 Kf6 50. Re8 d3 51. Kd2 Rc2+ 52. Ke3 Re2+ 0-1

[Event "Quebec op"]
[Site "Longueuil CAN"]
[Date "2018.07.22"]
[Round "3.16"]
[White "Van Hoolandt, Patrick"]
[Black "Chang, Alexander RZ"]
[Result "1-0"]
[WhiteElo "2065"]
[BlackElo "1597"]
[PlyCount "125"]
[EventDate "2018.07.21"]
[EventType "swiss"]
[EventRounds "9"]
[EventCountry "CAN"]

1. d4 d5 2. c4 e6 3. Nf3 Nf6 4. Nc3 Be7 5. Qc2 O-O 6. Bg5 c6 7. cxd5 exd5 8. e3
Nbd7 9. Bd3 Re8 10. O-O Nf8 11. h3 Nh5 12. Bxe7 Qxe7 13. Rab1 Nf6 14. b4 Ne4
15. b5 Bf5 16. bxc6 bxc6 17. Na4 Rac8 18. Nc5 Rc7 19. Na6 Rcc8 20. Rfc1 Ng6 21.
Nc5 Rc7 22. g4 Ng5 23. Nxg5 Bxd3 24. Qxd3 Qxg5 25. Qf5 Qxf5 26. gxf5 Nh4 27.
Na6 Rcc8 28. Nb4 Nxf5 29. Nxc6 Rc7 30. Rc5 Nd6 31. Nb4 Rxc5 32. dxc5 Ne4 33. c6
Nc3 34. Rb3 d4 35. exd4 Ne2+ 36. Kf1 Nxd4 37. Ra3 Nb5 38. Ra5 Nd6 39. Rxa7 Rc8
40. Nd5 Kf8 41. c7 Nc4 42. Rb7 Ke8 43. Rb8 Kd7 44. Rb4 Kd6 45. Rxc4 Kxd5 46.
Rc2 Kd6 47. Ke2 Rxc7 48. Rxc7 Kxc7 49. Kd3 Kc6 50. Ke4 Kb5 51. Kd5 Kb4 52. Kd6
Ka3 53. Ke7 f5 54. h4 Kxa2 55. Kf7 g6 56. Kg7 Kb3 57. Kxh7 Kc4 58. Kxg6 f4 59.
Kf5 f3 60. h5 Kd3 61. Kf4 Ke2 62. Kg3 Ke1 63. h6 1-0

[Event "Quebec op"]
[Site "Longueuil CAN"]
[Date "2018.07.22"]
[Round "3.17"]
[White "Wu, Tony (Dongze)"]
[Black "Robichaud, Louis"]
[Result "0-1"]
[WhiteElo "1883"]
[BlackElo "2060"]
[PlyCount "182"]
[EventDate "2018.07.21"]
[EventType "swiss"]
[EventRounds "9"]
[EventCountry "CAN"]

1. d4 Nf6 2. c4 g6 3. g3 Bg7 4. Bg2 O-O 5. Nf3 d6 6. O-O Nbd7 7. Bf4 Nh5 8. Be3
Nb6 9. b3 d5 10. Na3 dxc4 11. bxc4 c5 12. Rc1 cxd4 13. Nxd4 Nd7 14. Qd2 Nc5 15.
Rcd1 Nd7 16. Qb4 Qb6 17. Qxb6 axb6 18. Ndb5 Nc5 19. Rd2 Nf6 20. Rfd1 Nfd7 21.
f4 h5 22. Bf2 Nb8 23. Rd8 Nc6 24. Rxf8+ Bxf8 25. Rd2 Bf5 26. e4 Be6 27. Bxc5
bxc5 28. Bf1 Ra4 29. Bd3 Na5 30. Rc2 Bg7 31. f5 gxf5 32. exf5 Bd7 33. Nb1 Bxb5
34. cxb5 Rd4 35. Be2 Rd5 36. Rd2 Bd4+ 37. Kg2 Rxf5 38. Kh3 b6 39. Na3 Rf2 40.
Rc2 Kg7 41. Bxh5 Rf6 42. Kg2 Rh6 43. Bf3 f5 44. Nc4 Nxc4 45. Rxc4 e5 46. Ra4 e4
47. Be2 Kf6 48. h4 Ke5 49. h5 Be3 50. Rc4 Rd6 51. a4 Rd2 52. Kf1 Ra2 53. Rc3
Bd4 54. Rc4 Ra1+ 55. Kg2 Ra2 56. Kf1 Kf6 57. Bd1 Rf2+ 58. Ke1 Rg2 59. Rc1 Rxg3
60. a5 bxa5 61. b6 Rg7 62. Kd2 Rb7 63. Rb1 c4 64. Be2 c3+ 65. Kc2 f4 66. Bc4 e3
67. Be2 Rxb6 68. Rxb6+ Bxb6 69. Kxc3 Kg5 70. Kd3 a4 71. Kc2 a3 72. Kb3 Bc5 73.
Bd1 Bf8 74. Be2 Kh4 75. h6 Bxh6 76. Kxa3 Kg3 77. Kb2 f3 78. Bd3 e2 79. Bxe2
fxe2 80. Kc2 e1=Q 81. Kd3 Kf4 82. Kd4 Bg7+ 83. Kd5 Qe4+ 84. Kc5 Bd4+ 85. Kc4
Be3+ 86. Kc3 Qd4+ 87. Kb3 Bd2 88. Kc2 Qc3+ 89. Kd1 Be3 90. Ke2 Qd2+ 91. Kf1
Qf2# 0-1

[Event "Quebec op"]
[Site "Longueuil CAN"]
[Date "2018.07.22"]
[Round "3.18"]
[White "Libersan, Thierry"]
[Black "Saine, Zachary"]
[Result "0-1"]
[WhiteElo "2047"]
[BlackElo "1899"]
[PlyCount "78"]
[EventDate "2018.07.21"]
[EventType "swiss"]
[EventRounds "9"]
[EventCountry "CAN"]

1. d4 d5 2. Bf4 Nf6 3. e3 c5 4. c3 Nc6 5. Nd2 Bf5 6. Ngf3 e6 7. Qb3 Qb6 8. Bb5
c4 9. Qa4 Nd7 10. O-O a6 11. Bxc6 bxc6 12. b3 Bd3 13. Rfe1 Qb5 14. Qxb5 axb5
15. a4 b4 16. Rec1 bxc3 17. Rxc3 Bb4 18. Rcc1 f6 19. Ra2 g5 20. Bg3 cxb3 21.
Nxb3 Bc4 22. Rb1 g4 23. Nfd2 Bxd2 24. Rxd2 Bxb3 25. Rxb3 Rxa4 26. f3 gxf3 27.
gxf3 Ke7 28. Rc2 Rc8 29. Rb7 Ra5 30. Bh4 Kd6 31. Bg3+ e5 32. f4 Ke6 33. fxe5
fxe5 34. Bxe5 Nxe5 35. dxe5 h5 36. Rh7 Kxe5 37. Rxh5+ Ke4 38. Rh3 Ra3 39. Kf2
d4 0-1

[Event "Quebec op"]
[Site "Longueuil CAN"]
[Date "2018.07.22"]
[Round "3.19"]
[White "Turcotte, Jonathan"]
[Black "Babb, Jeff"]
[Result "1-0"]
[WhiteElo "1941"]
[BlackElo "2054"]
[PlyCount "101"]
[EventDate "2018.07.21"]
[EventType "swiss"]
[EventRounds "9"]
[EventCountry "CAN"]

1. d4 Nf6 2. c4 e5 3. dxe5 Ng4 4. Bf4 Nc6 5. Nf3 Bb4+ 6. Nbd2 Qe7 7. e3 Ncxe5
8. Nxe5 Nxe5 9. Be2 d6 10. O-O a5 11. Nb3 a4 12. a3 axb3 13. axb4 Rxa1 14. Qxa1
O-O 15. Qa4 Be6 16. Qxb3 Ng6 17. Bg3 f5 18. Rc1 f4 19. exf4 Nxf4 20. Bxf4 Rxf4
21. Qe3 Qf7 22. b3 b6 23. Bd3 g6 24. Re1 Rf6 25. b5 Bf5 26. Bxf5 Rxf5 27. Qe8+
Qxe8 28. Rxe8+ Kf7 29. Rc8 Rc5 30. f4 Ke6 31. Re8+ Kf5 32. g3 h5 33. Kf2 Kf6
34. Ke3 g5 35. Kd4 gxf4 36. gxf4 Kf7 37. Rc8 Ke6 38. b4 Rf5 39. Ke4 Rf7 40. Rh8
Kf6 41. Rxh5 Re7+ 42. Kd5 Re2 43. Rh7 Rd2+ 44. Ke4 Rb2 45. h4 Rxb4 46. Rxc7 Kg6
47. f5+ Kf6 48. Rc6 Ke7 49. Kd5 Rb1 50. f6+ Kxf6 51. Rxd6+ 1-0

[Event "Quebec op"]
[Site "Longueuil CAN"]
[Date "2018.07.22"]
[Round "3.20"]
[White "Upper, John"]
[Black "Lemieux, Serge"]
[Result "0-1"]
[WhiteElo "1969"]
[BlackElo "1702"]
[PlyCount "76"]
[EventDate "2018.07.21"]
[EventType "swiss"]
[EventRounds "9"]
[EventCountry "CAN"]

1. c4 e5 2. Nc3 Nf6 3. Nf3 d6 4. d4 exd4 5. Nxd4 Be7 6. g3 Bd7 7. Bg2 Nc6 8.
Nc2 O-O 9. O-O Qc8 10. e4 Bh3 11. b3 Bxg2 12. Kxg2 Ne5 13. Ne3 Re8 14. Bb2 Bf8
15. f3 a6 16. Ncd5 Nxd5 17. cxd5 g6 18. Qd4 f6 19. Rac1 Bg7 20. Rf2 Re7 21.
Rfc2 Qd8 22. f4 Nd7 23. Qc4 Rc8 24. Ng4 Rf7 25. b4 Nb6 26. Qd3 Qd7 27. Nf2 Qe8
28. Bd4 Nd7 29. Rxc7 Rxc7 30. Rxc7 Ne5 31. Qc3 Rxc7 32. Qxc7 Nd3 33. Kf3 Nxf2
34. Bxf2 f5 35. Qc4 b5 36. Qc2 Qxe4+ 37. Qxe4 fxe4+ 38. Kxe4 Bc3 0-1

[Event "Quebec op"]
[Site "Longueuil CAN"]
[Date "2018.07.22"]
[Round "3.21"]
[White "Bremner, William"]
[Black "Yagiz, Bora"]
[Result "1-0"]
[WhiteElo "1684"]
[BlackElo "1862"]
[PlyCount "83"]
[EventDate "2018.07.21"]
[EventType "swiss"]
[EventRounds "9"]
[EventCountry "CAN"]

1. d4 d6 2. c4 f5 3. Nf3 Nf6 4. g3 g6 5. Bg2 Bg7 6. O-O O-O 7. Nc3 c6 8. Qc2
Qc7 9. d5 e5 10. dxe6 Bxe6 11. b3 Na6 12. Bb2 Rad8 13. Rac1 Bc8 14. Rfd1 Rfe8
15. Nd4 Ne4 16. e3 Qe7 17. a3 Nac5 18. Nde2 Ng5 19. Nf4 Nge6 20. Nfe2 a5 21. b4
axb4 22. axb4 Nd7 23. b5 Ne5 24. Na4 c5 25. Nb6 Ng5 26. Nf4 Ngf3+ 27. Kh1 g5
28. Nfd5 Qf7 29. Nxc8 Rxc8 30. Bxe5 Qh5 31. g4 fxg4 32. Bg3 Nxh2 33. Bxh2 Be5
34. Nf6+ Bxf6 35. Kg1 Be5 36. Bxe5 Rxe5 37. Rxd6 g3 38. fxg3 Rxe3 39. Qf2 Re7
40. Bd5+ Kh8 41. Qf6+ Rg7 42. Rd8+ 1-0

[Event "Quebec op"]
[Site "Longueuil CAN"]
[Date "2018.07.22"]
[Round "3.22"]
[White "Abdelaal, Ibrahim"]
[Black "Vignalou, Joseph"]
[Result "1-0"]
[WhiteElo "2007"]
[BlackElo "1754"]
[PlyCount "81"]
[EventDate "2018.07.21"]
[EventType "swiss"]
[EventRounds "9"]
[EventCountry "CAN"]

1. e4 c5 2. Nf3 d6 3. b4 Nf6 4. bxc5 dxc5 5. e5 Nd5 6. Bb5+ Bd7 7. Bxd7+ Qxd7
8. O-O e6 9. d4 cxd4 10. Nxd4 Nc6 11. c4 Nb6 12. Nxc6 Qxc6 13. Ba3 Nxc4 14.
Bxf8 Kxf8 15. Qb3 Nxe5 16. Na3 Rc8 17. Qe3 Qa4 18. Rac1 Rxc1 19. Rxc1 Nc6 20.
Qc5+ Kg8 21. Qd6 g6 22. h3 Qb4 23. Qg3 Kg7 24. Rb1 Qe4 25. Rxb7 Ne5 26. Rxa7
Rd8 27. Qe3 Rd1+ 28. Kh2 Qxe3 29. fxe3 Re1 30. Nc2 Re2 31. Nd4 Rxe3 32. Nxe6+
Kf6 33. Nf4 Kf5 34. Nd5 Rd3 35. Ne7+ Kf4 36. Ra4+ Ke3 37. Ra5 f6 38. Nd5+ Kf2
39. Nxf6 Nf3+ 40. gxf3 Kxf3 41. h4 1-0

[Event "Quebec op"]
[Site "Longueuil CAN"]
[Date "2018.07.22"]
[Round "3.23"]
[White "Auger, Bertrand"]
[Black "Currie, James"]
[Result "1-0"]
[WhiteElo "1935"]
[BlackElo "2006"]
[PlyCount "53"]
[EventDate "2018.07.21"]
[EventType "swiss"]
[EventRounds "9"]
[EventCountry "CAN"]

1. Nf3 g6 2. g3 Bg7 3. d4 c5 4. Bg2 cxd4 5. Nxd4 Nc6 6. Nxc6 bxc6 7. O-O Qb6 8.
Nc3 Ba6 9. a4 Nf6 10. Be3 Qxb2 11. Nb5 Ng4 12. Nc7+ Kd8 13. Bxc6 Ne5 14. Bxa8
Kxc7 15. Qd5 Nc4 16. Rab1 Qa3 17. Bc5 Qxa4 18. Rb7+ Kc8 19. Bxa7 Be5 20. Qc5+
Qc6 21. Rb8+ Bxb8 22. Bxc6 Bd6 23. Qd4 e5 24. Qd5 Kc7 25. Bb5 Bxb5 26. Qxb5 Na3
27. Qb6+ 1-0

[Event "Quebec op"]
[Site "Longueuil CAN"]
[Date "2018.07.22"]
[Round "3.24"]
[White "Acosta, Mariano"]
[Black "Jacquet, Stephane"]
[Result "1/2-1/2"]
[WhiteElo "1802"]
[BlackElo "1936"]
[PlyCount "101"]
[EventDate "2018.07.21"]
[EventType "swiss"]
[EventRounds "9"]
[EventCountry "CAN"]

1. Nf3 g6 2. c4 Bg7 3. g3 Nf6 4. Bg2 O-O 5. O-O d5 6. cxd5 Nxd5 7. Nc3 c6 8. e4
Nb6 9. h3 N8d7 10. d4 Nf6 11. b3 a5 12. Re1 Nh5 13. Bb2 Qc7 14. Qc2 Be6 15.
Rad1 Rad8 16. Ne2 h6 17. Bc3 a4 18. Ba5 Ra8 19. b4 Nf6 20. Nc3 Nfd7 21. Nxa4
Rxa5 22. bxa5 Nxa4 23. Qxa4 Ra8 24. Qb4 Rxa5 25. Rb1 b5 26. a3 Ra4 27. Qc3 Rc4
28. Qe3 Qa5 29. Rbc1 Nb6 30. Bf1 Ra4 31. Rc3 Bc4 32. Ne5 Bxe5 33. dxe5 Bxf1 34.
Rxf1 Nc4 35. Rxc4 Rxc4 36. e6 Qc3 37. exf7+ Kxf7 38. Qxh6 Rxe4 39. Qh7+ Qg7 40.
Qxg7+ Kxg7 41. Rc1 Re6 42. Kg2 Kf6 43. f4 Rd6 44. g4 e6 45. Rc3 e5 46. Kf3 exf4
47. Kxf4 g5+ 48. Ke4 Ke6 49. Rc5 Kf6 50. Rf5+ Kg6 51. Rc5 1/2-1/2

[Event "Quebec op"]
[Site "Longueuil CAN"]
[Date "2018.07.23"]
[Round "4.4"]
[White "Zhu, Brandon"]
[Black "Voskanyan, Vahagn"]
[Result "1/2-1/2"]
[WhiteElo "1959"]
[BlackElo "2201"]
[PlyCount "143"]
[EventDate "2018.07.21"]
[EventType "swiss"]
[EventRounds "9"]
[EventCountry "CAN"]

1. Nf3 c5 2. e3 Nf6 3. d4 e6 4. c4 d5 5. a3 Nc6 6. dxc5 Bxc5 7. b4 Be7 8. Bb2
O-O 9. Nbd2 b6 10. Qc2 Bb7 11. Rd1 Qc8 12. Bd3 h6 13. O-O Rd8 14. Qb1 Ne8 15.
Rc1 Qb8 16. cxd5 exd5 17. Bh7+ Kf8 18. Qa1 Bf6 19. Bb1 Ne7 20. Nb3 Ba6 21. Rfd1
Be2 22. Bxf6 Nxf6 23. Rd2 Bxf3 24. gxf3 Qb7 25. Nd4 Nd7 26. Nf5 Nxf5 27. Bxf5
Nf6 28. Qe5 Re8 29. Qf4 Qe7 30. Qc7 g6 31. Qxe7+ Rxe7 32. Rc8+ Rxc8 33. Bxc8
Rc7 34. Ba6 g5 35. Rd4 Ke7 36. Kg2 Rc1 37. a4 Ra1 38. Bb5 Rb1 39. Bc6 Kd6 40.
Bb5 Rb2 41. Bd3 Ra2 42. Bb5 Ke6 43. h3 Rc2 44. Bd3 Rc3 45. a5 Nd7 46. Bb5 Ne5
47. axb6 axb6 48. f4 Nc6 49. Bxc6 Rxc6 50. Kf3 f5 51. fxg5 hxg5 52. h4 gxh4 53.
Rxh4 Ke5 54. Rh1 Rc4 55. Rb1 Rc3 56. Ke2 Rc2+ 57. Kf3 Rc4 58. Rb2 Kd6 59. Ke2
Kc6 60. Kf3 Kb5 61. Rd2 Kxb4 62. Rxd5 Rc5 63. Rd8 b5 64. e4 Kc3 65. exf5 Rxf5+
66. Ke3 b4 67. Rc8+ Kb2 68. Rb8 b3 69. f4 Kc2 70. Ke4 Rc5 71. f5 b2 72. f6
1/2-1/2

[Event "Quebec op"]
[Site "Longueuil CAN"]
[Date "2018.07.23"]
[Round "4.5"]
[White "Mikhalevski, Victor"]
[Black "Zhao, Jim"]
[Result "1/2-1/2"]
[WhiteElo "2583"]
[BlackElo "2169"]
[PlyCount "114"]
[EventDate "2018.07.21"]
[EventType "swiss"]
[EventRounds "9"]
[EventCountry "CAN"]

1. c4 Nf6 2. g3 d6 3. Bg2 g6 4. d4 c5 5. dxc5 Qa5+ 6. Nc3 Qxc5 7. Be3 Qxc4 8.
Rc1 Na6 9. Nd5 Qxa2 10. Bd4 Nxd5 11. Bxh8 Be6 12. Nf3 f6 13. O-O Bf7 14. Ra1
Qc4 15. e4 Ndc7 16. e5 dxe5 17. Nxe5 fxe5 18. Bxb7 Rd8 19. Qa4+ Qxa4 20. Rxa4
Rb8 21. Bxa6 Nxa6 22. Bxe5 Rb5 23. Re1 Nb4 24. Rxa7 Bd5 25. Bc3 Nc6 26. Ra8+
Kf7 27. Rc8 Bg7 28. Rc7 Bxc3 29. bxc3 Bf3 30. h3 h5 31. Kh2 Kf6 32. Rc8 Kf7 33.
g4 h4 34. Rc7 g5 35. c4 Rb2 36. Re3 Rxf2+ 37. Kg1 Rg2+ 38. Kf1 Rg3 39. Kf2 Bh1
40. Rxg3 hxg3+ 41. Kxg3 Ne5 42. Rc5 Ke6 43. Rc8 Be4 44. Rg8 Ng6 45. Rd8 Ne5 46.
Rg8 Kf6 47. Rf8+ Kg7 48. Rc8 Bd3 49. c5 Bb5 50. Rb8 Bc6 51. Rc8 Bd5 52. Rd8 Bc6
53. Rc8 Kf7 54. Rd8 Nd7 55. Rc8 Ne5 56. Rd8 Nd7 57. Rc8 Ne5 1/2-1/2

[Event "Quebec op"]
[Site "Longueuil CAN"]
[Date "2018.07.23"]
[Round "4.6"]
[White "Sambuev, Bator"]
[Black "Huang, Qiuyu"]
[Result "0-1"]
[WhiteElo "2514"]
[BlackElo "2108"]
[PlyCount "106"]
[EventDate "2018.07.21"]
[EventType "swiss"]
[EventRounds "9"]
[EventCountry "CAN"]

1. Nf3 d5 2. e3 Nf6 3. b3 c5 4. Bb2 Nc6 5. Bb5 Bd7 6. O-O e6 7. c4 Bd6 8. Bxc6
Bxc6 9. Ne5 Qc7 10. f4 O-O-O 11. Nxc6 Qxc6 12. Bxf6 gxf6 13. Qf3 Bc7 14. Rc1
Rd6 15. Nc3 dxc4 16. Ne4 Rdd8 17. Rc2 f5 18. Ng5 Qxf3 19. Nxf3 cxb3 20. axb3
Kb8 21. Rxc5 Rd3 22. Rb1 f6 23. Kf1 Bb6 24. Rc2 Rd5 25. Ke2 Rc8 26. Rxc8+ Kxc8
27. Ne1 a5 28. Nc2 Bc5 29. Ra1 b6 30. d4 Be7 31. Kd3 Kb7 32. Rf1 b5 33. Rf3 Rd7
34. Rg3 Bd6 35. Rg8 a4 36. b4 Rc7 37. Re8 Rc4 38. Rxe6 Bxb4 39. d5 Rc3+ 40. Kd2
Ba5 41. d6 b4 42. Re7+ Ka6 43. d7 b3 44. Na3 b2 45. d8=Q Rxa3+ 46. Kc2 Bxd8 47.
Re6+ Bb6 48. Kxb2 Rxe3 49. Rxf6 Kb5 50. Kc2 Re2+ 51. Kd3 Rxg2 52. Rxf5+ Bc5 53.
Rf7 a3 0-1

[Event "Quebec op"]
[Site "Longueuil CAN"]
[Date "2018.07.23"]
[Round "4.7"]
[White "Cherniaev, Alexander"]
[Black "Soudre, Nicolas"]
[Result "1-0"]
[WhiteElo "2421"]
[BlackElo "2080"]
[PlyCount "53"]
[EventDate "2018.07.21"]
[EventType "swiss"]
[EventRounds "9"]
[EventCountry "CAN"]

1. d4 e6 2. c4 Bb4+ 3. Bd2 a5 4. Nc3 Nf6 5. Qc2 d5 6. Nf3 O-O 7. Bg5 c6 8. e3
Nbd7 9. Bd3 h6 10. Bh4 dxc4 11. Bxc4 Re8 12. g4 b5 13. Be2 e5 14. g5 hxg5 15.
Bxg5 exd4 16. Nxd4 Bb7 17. Rg1 Qe7 18. Nf5 Qe5 19. Nxg7 Rec8 20. Bf4 Qe4 21.
Bd3 Qf3 22. Ne6+ Kh8 23. Ng5 Qh5 24. Rg3 Rg8 25. Be2 Qg6 26. Rh3+ Kg7 27. Bd3
1-0

[Event "Quebec op"]
[Site "Longueuil CAN"]
[Date "2018.07.24"]
[Round "4.10"]
[White "Robichaud, Louis"]
[Black "Ouellet, Maili-Jade"]
[Result "0-1"]
[WhiteElo "2060"]
[BlackElo "2197"]
[PlyCount "96"]
[EventDate "2018.07.21"]
[EventType "swiss"]
[EventRounds "9"]
[EventCountry "CAN"]

1. e4 c6 2. d3 d5 3. Nd2 e5 4. Ngf3 Bd6 5. g3 Nf6 6. Bg2 O-O 7. O-O Re8 8. b3
Nbd7 9. Bb2 Qc7 10. Re1 a5 11. a4 Nf8 12. h3 Ng6 13. Nh2 Bd7 14. h4 h6 15. Rc1
Rad8 16. Qe2 Nf8 17. Ndf1 Ne6 18. Ne3 dxe4 19. dxe4 Nd4 20. Qf1 Bc5 21. Kh1 b6
22. Bxd4 exd4 23. Nc4 b5 24. e5 Nh7 25. axb5 cxb5 26. Nd6 Bxd6 27. exd6 Qxd6
28. Rxe8+ Bxe8 29. Rd1 Nf8 30. Nf3 Qc5 31. Qd3 Ne6 32. Kg1 Bc6 33. Ra1 a4 34.
bxa4 bxa4 35. Ne1 Bxg2 36. Kxg2 Ra8 37. Qf3 Ra5 38. Rb1 a3 39. Qb3 Qc6+ 40. Kg1
a2 41. Ra1 Nc5 42. Qb2 Qd5 43. Nd3 Nxd3 44. cxd3 Ra6 45. Rc1 Qa5 46. Qa1 Qd2
47. Rc4 Qxd3 48. Rxd4 Qxd4 0-1

[Event "Quebec op"]
[Site "Longueuil CAN"]
[Date "2018.07.23"]
[Round "4.11"]
[White "Beaulieu, Eric"]
[Black "Turcotte, Jonathan"]
[Result "1-0"]
[WhiteElo "2129"]
[BlackElo "1941"]
[PlyCount "81"]
[EventDate "2018.07.21"]
[EventType "swiss"]
[EventRounds "9"]
[EventCountry "CAN"]

1. Nf3 d5 2. c4 c6 3. d4 Nf6 4. e3 a6 5. Nbd2 b5 6. b3 Bg4 7. h3 Bxf3 8. Nxf3
e6 9. Bd3 Qa5+ 10. Bd2 Bb4 11. O-O Bxd2 12. Nxd2 O-O 13. a4 bxc4 14. bxc4 Nbd7
15. c5 e5 16. Qc2 Rfb8 17. Rfb1 g6 18. Nb3 Qc7 19. a5 exd4 20. exd4 Nf8 21. Nd2
Rxb1+ 22. Qxb1 Rb8 23. Qc2 Ne6 24. Nf3 Qb7 25. Qd2 Nd7 26. Rb1 Qc7 27. Rxb8+
Nxb8 28. g3 Qb7 29. h4 Qb3 30. Kg2 Qa3 31. h5 Qb3 32. Qe2 Qb4 33. hxg6 hxg6 34.
Bxg6 Qxa5 35. Bd3 Qc3 36. Bf5 Nf8 37. Qe8 Qb2 38. Ng5 Qb7 39. Nh7 Nbd7 40. Bxd7
Qxd7 41. Nf6+ 1-0